MARC details
| 000 -LÍDER |
| campo de controle de tamanho fixo |
01246nam a2200313 4500 |
| 001 - NÚMERO DE CONTROLE |
| campo de controle |
13 |
| 003 - IDENTIFICADOR DO NÚMERO DE CONTROLE |
| campo de controle |
OSt |
| 005 - DATA E HORÁRIO DA ÚLTIMA TRANSAÇÃO |
| campo de controle |
20250528074009.0 |
| 008 - CAMPO DE DADOS FIXOS--INFORMAÇÃO GERAL |
| campo de controle de tamanho fixo |
250120b |||||||j |||| 00| 1 eng d |
| 020 ## - ISBN - INTERNATIONAL STANDARD BOOK NUMBER |
| ISBN - International Standard Book Number |
9788581630625 |
| 040 ## - FONTE DA CATALOGAÇÃO |
| Idioma da catalogação |
por |
| 041 ## - CÓDIGO DE IDIOMA |
| Código do idioma do original e/ou traduções intermediárias do texto |
eng |
| Código do idioma do texto/trilha sonora ou título diferente |
por |
| 082 ## - CDD - CLASSIFICAÇÃO DECIMAL DE DEWEY |
| Número de Classificação |
ir820 |
| Número do exemplar |
A285p |
| 100 1# - ENTRADA PRINCIPAL--NOME PESSOAL |
| Nome pessoal |
Ahern, Cecelia, |
| Datas associadas ao nome |
1981- |
| 9 (RLIN) |
24 |
| 240 ## - TÍTULO UNIFORME |
| Título uniforme |
P.S I love you |
| 245 ## - TÍTULO |
| Título |
P.S. Eu te amo / |
| Indicação de responsabilidade, etc. |
Ahern, Cecelia ; Tradução de Carolina Caires Coelho |
| 260 ## - PUBLICAÇÃO, DISTRIBUIÇÃO, ETC. |
| Local de publicação, distribuição, etc. |
São Paulo |
| Nome do editor, distribuidor, etc. |
Novo Conceito |
| Data da publicação, distribuição, etc. |
2012 |
| 300 ## - DESCRIÇÃO FÍSICA |
| Extensão |
365 p. |
| 520 ## - NOTA DE RESUMO, ETC. |
| Resumo, etc. |
Gerry e Holly eram namorados de infância e ficariam juntos para sempre, até que o inimaginável acontece e Gerry morre, deixando-a devastada. Conforme seu aniversário de 30 anos se aproxima, Holly descobre um pacote de cartas nas quais Gerry, gentilmente, a guia em sua nova vida sem ele. Com ajuda de seus amigos e de sua família barulhenta e carinhosa, Holly consegue rir, chorar, cantar, dançar e ser mais corajosa do que nunca. |
| 650 #0 - ASSUNTO--TERMO TÓPICO |
| Cabeçalho tópico ou nome geográfico |
Literatura Irlandesa |
| 9 (RLIN) |
87 |
| 650 #0 - ASSUNTO--TERMO TÓPICO |
| Cabeçalho tópico ou nome geográfico |
Drama |
| 9 (RLIN) |
18 |
| 650 #0 - ASSUNTO--TERMO TÓPICO |
| Cabeçalho tópico ou nome geográfico |
Amor e Paixão |
| 9 (RLIN) |
25 |
| 650 #0 - ASSUNTO--TERMO TÓPICO |
| Cabeçalho tópico ou nome geográfico |
Filme |
| 9 (RLIN) |
26 |
| 650 #0 - ASSUNTO--TERMO TÓPICO |
| Cabeçalho tópico ou nome geográfico |
Superação |
| 9 (RLIN) |
27 |
| 655 #0 - TERMO DE ÍNDICE--GÊNERO E FORMA |
| Gênero/forma/ou termo foco |
Romance |
| 655 #0 - TERMO DE ÍNDICE--GÊNERO E FORMA |
| Gênero/forma/ou termo foco |
Ficção |
| 700 ## - ENTRADA ADICIONADA - NOME PESSOAL |
| Função do autor por extenso |
Tradutor |
| Nome pessoal |
Carolina Caires Coelho |
| 942 ## - ELEMENTOS DE ENTRADA ADICIONADOS (KOHA) |
| Fonte de classificação ou esquema de arquivamento |
Classificação decimal de Dewey |
| Ocultar no OPAC |
Não |
| Tipo de material Koha |
Livros |